LEADER 01133nam a2200277 i 4500 001 000000218819 003 CaOOAMICUS 005 20250904144038.0 008 130220s2010 it u000 u mul u 020 $a978-88-02-08395-7 040 $aSeMil$bita 100 1 $aXenophon,$d.$0(OLS)http://semarc/name/7990 245 10$aMemorabili /$cdi Senofonte ; a cura di Fiorenza Bevilacqua. 264 1$aTorino :$bUnione Tipografico-Editrice Torinese,$c2010. 300 $a683 p., 5 c. di tav. :$bill ;$c24 cm. 490 1 $aClassici greci 546 $aTesto greco a fronte 700 1 $aBevilacqua, Fiorenza.$0(OLS)http://semarc/name/978 830 0$aClassici greci .$0(OLS)http://semarc/title/66 850 $aSeMil 852 $aSeMil$W1$xVenegono$y1$m1Y IV 22$j261446$B169189$CSeMilBibl$Z2$F179989 $81 961 $aSottoscrizione: UTET (Agente) 996 $6020$a978-88-02-08395-7$9(OLS)http://semarc/number/216654 996 $6245$aMemorabili$9(OLS)http://semarc/title/314068 996 $6264$aTorino :$bUnione Tipografico-Editrice Torinese$9(OLS)http://semarc/publisher/29628 LEADER 00997nam a2200265 i 4500 001 000000226856 003 CaOOAMICUS 005 20250728145647.0 008 140212s2003 it u000 u ita u 013 $a205758 020 $a88-200-3451-4 040 $aSeMil$bita 245 10$aPietre sul cuore /$ca cura di Alice Tachdjian. 260 $aMilano :$bSperling & Kupfer,$c2003. 300 $aXII, 198 p., [8] c. di tav. :$bill. ;$c22 cm. 490 0 $aSaggi 700 1 $aTachdjian, Alice.$0(OLS)http://semarc/name/78695 830 0$aSaggi .$0(OLS)http://semarc/title/455049 850 $aSeMil 852 $aSeMil$W1$xVenegono$y1$m1V IV 174$j177202$B177202$CSeMilBibl$Z2$F189270 $81 961 $aOmaggio: Ferrario mons. Emilio 996 $6020$a88-200-3451-4$9(OLS)http://semarc/number/228247 996 $6245$aPietre sul cuore$9(OLS)http://semarc/title/324798 996 $6260$aMilano :$bSperling & Kupfer$9(OLS)http://semarc/publisher/31721